000
00289nam a22001337a 4500
082
_a
910
_b
MAL/A
100
_a
MALAPARAMBU, JOSEPH
245
_a
ABORIJINEESUKALUDE NAADU
260
_a
PEINTHALMANNA
_b
SATHI BOOKS
_c
2005
300
_a
181
520
_a
NOVEL
650
_a
NOVEL
942
_c
BK
999
_c
5286
_d
5286